00339nam a22001337a 4500003000700000005001700007008004100024082001400065100002500079245004200104260003400146300000800180650001700188MPLRDC20220104124200.0210129b ||||| |||| 00| 0 eng d a874 XLSD  a雪儿. 西乐斯丁 a阁楼上的光. 人行道的尽头c ab将门文物出版社c1986 b平 a美国文学